Cargando...

Studying the novel/

Detalles Bibliográficos
Autor principal: Hawthorn,Jeremy
Formato: Printed Book
Publicado: New Delhi: Atlantic publishers & distributors, 2010.
Edición:6th.ed.
LEADER 00422nam a22001337a 4500
020 |a 9788126914517 
100 |a Hawthorn,Jeremy 
245 |a Studying the novel/  |c Jeremy Hawthorn 
250 |a 6th.ed. 
260 |a New Delhi:  |b Atlantic publishers & distributors,  |c 2010. 
300 |a 274p. 
942 |c BK 
999 |c 258802  |d 258802 
952 |0 0  |1 0  |4 0  |7 0  |9 288176  |a RUS  |b RUS  |c ST1  |d 2005-01-05  |g 0.00  |i 8186  |l 0  |p RUS8186  |r 2014-02-19  |w 2014-02-19  |y BK